Najlepsi strzelcy Ajaxu Amsterdam. - Statystyki

Ogólne statystyki
  • Ten quiz został rozwiązany 65 razy
  • Średni wynik to 3 z 15
Statystyki odpowiedzi
Lata Ilość goli Piłkarz % Poprawnych
1964-1973, 1981-1983 162 Cruyff
75%
1982-1987 152 Van Basten
68%
2006-2009, 2017-teraz 151 Huntelaar
67%
2007-2011 111 Suarez
45%
1987-1993 118 Bergkamp
30%
1992-1999, 2002-2004 133 Litmanen
23%
2007-2014, 2017-2020 88 De Jong
15%
1956-1973 95 Swart
5%
1997-2001 72 Arveladze
3%
1974-1978 94 Geels
3%
1960-1975 80 Keizer
3%
1988-1994 100 Pettersson
3%
1983-1988 107 Bosman
2%
1975-1983 73 Lerby
2%
1976-1985 87 Schoenaker
2%
Nie znaleziono quizów pasujących do podanych kryteriów
Rozkład punktacji
Procent ludzi z każdym wynikiem
Percentyl według liczby udzielonych odpowiedzi
Twoja historia wyników
Nie rozwiązałeś tego quizu